The ticking bomb (Record no. 83889)
[ view plain ]
| 000 -LEADER | |
|---|---|
| fixed length control field | 01196cad a22002055a 4500 |
| 001 - CONTROL NUMBER | |
| control field | L155645 |
| 008 - FIXED-LENGTH DATA ELEMENTS--GENERAL INFORMATION | |
| fixed length control field | 120329e2012 xxk 000 0 eng d |
| 035 ## - SYSTEM CONTROL NUMBER | |
| System control number | (Sirsi) u155645 |
| 041 0# - LANGUAGE CODE | |
| Language code of text/sound track or separate title | eng |
| 100 1# - MAIN ENTRY--PERSONAL NAME | |
| Personal name | Martindale, Nick |
| 245 04 - TITLE STATEMENT | |
| Title | The ticking bomb |
| Medium | [electronic resource] |
| 260 ## - PUBLICATION, DISTRIBUTION, ETC. | |
| Place of publication, distribution, etc. | [S.I.]bBIFM |
| Date of publication, distribution, etc. | 2012 |
| 490 #0 - SERIES STATEMENT | |
| Series statement | FM World Online |
| Volume/sequential designation | 22 March 2012 |
| 520 ## - SUMMARY, ETC. | |
| Summary, etc. | Recent research by the British Institute of Facilities Management (BIFM) and Gensler points to the worrying conclusion that within 10 years the profession will lose most of its oldest and wisest facilities managers. This future shortfall is the most important issue facing the industry in the short and medium term. The profession is slowly waking up to the urgent need to attract new high-quality entrants into FM. An evolution in FM skills will be necessary over the next decade with a move towards 'workplace managers' who would demonstrate a far greater emphasis on the softer skills. |
| 590 ## - LOCAL NOTE (RLIN) | |
| Local note | KA |
| 651 #4 - SUBJECT ADDED ENTRY--GEOGRAPHIC NAME | |
| Geographic name | United Kingdom |
| 690 ## - LOCAL SUBJECT ADDED ENTRY--TOPICAL TERM (OCLC, RLIN) | |
| Topical term or geographic name as entry element | Facilities management |
| 9 (RLIN) | 6240 |
| 856 40 - ELECTRONIC LOCATION AND ACCESS | |
| Uniform Resource Identifier | <a href="https://www.fm-world.co.uk/features/feature-articles/the-ticking-bomb/">https://www.fm-world.co.uk/features/feature-articles/the-ticking-bomb/</a> |
| Public note | View the article at www.fm-world.co.uk |
| 942 ## - ADDED ENTRY ELEMENTS (KOHA) | |
| Suppress in OPAC | 0 |
| Withdrawn status | Lost status | Source of classification or shelving scheme | Damaged status | Not for loan | Home library | Current library | Shelving location | Date acquired | Total Checkouts | Full call number | Barcode | Date last seen | Price effective from | Koha item type |
|---|---|---|---|---|---|---|---|---|---|---|---|---|---|---|
| Dewey Decimal Classification | Virtual | Virtual | Online | 29/03/2012 | ONLINE PUBLICATION | 155645-2001 | 06/08/2019 | 06/08/2019 | Journal |